| 000 | 01184nam a2200313 a 4500 | ||
|---|---|---|---|
| 001 | 000111980 | ||
| 003 | CHAP | ||
| 005 | 20220329144240.0 | ||
| 008 | 151112s2015 mx sm |||||||spa d | ||
| 010 | _a108441 | ||
| 011 | _a109413 | ||
| 040 | _cCHAP | ||
| 090 | _aTesis | ||
| 100 | 1 |
_aHernández Sánchez, Julio Domingo _9129978 |
|
| 245 | 1 | 0 |
_aAplicación de reguladores de crecimiento en fresa (Fragaria x ananassa Duch.) para promover la producción de estolones _h[En línea] _cpor Julio Domingo Hernández Sánchez. |
| 260 |
_aChapingo, Méx. : _bEl autor, _c2015. |
||
| 500 | _aPara ver el contenido del material haga clic en la liga | ||
| 502 | _aTesis (Ing. Agr. Esp. en Fitotecnia) -- UACH. Departamento de Fitotecnia | ||
| 590 |
_aE5765TAJ _b05 _c20151112 _lUCH01 _h1018 |
||
| 590 |
_aE5765TAJ _b05 _c20151112 _lUCH01 _h1019 |
||
| 650 | 1 | 4 |
_aFresa _xCrecimiento. _943197 |
| 650 | 1 | 4 |
_aFresa _xEstolón _xCrecimiento. _9129979 |
| 650 | 1 | 4 |
_aPlantas _xCrecimiento _xAditivos. _988804 |
| 650 | 1 | 4 |
_aPlantas _xCrecimiento _xEstimulantes. _988808 |
| 856 |
_aFinding aid _uhttp://10.13.5.2/tesis/sist111980.pdf _zTeclea aquí |
||
| 901 | _aBK | ||
| 942 | _cTESIS | ||
| 942 | _n0 | ||
| 999 |
_c108441 _d108441 |
||